El Canuck's Wrestling Trivia Quiz #3: Wrestlers Doing Other Stuff - Statistics

General Stats
  • This quiz has been taken 9 times
    7 since last reset
  • The average score is 11 of 16
Answer Stats
Question Answer % Correct
In the mid-90s, Big Van Vader had a guest role as himself on an ABC show in their TGIF programming block and was established in the show's lore as the father of a reformed-high-school-bully. Which show was that? Boy Meets World
100%
Which pro wrestler, following the end of his WWE career (but not his career as a whole) has opened up shop as a custom builder and mechanic of motorcycles? Chuck Palumbo
100%
Who was the first pro wrestler to voice themselves on The Simpsons? Bret Hart
83%
One of the earliest wrestlers to cross over into movies was the imposing-looking, bald-headed Tor Johnson, which included movies directed by cult-movie-director Ed Wood. In 1994 Tim Burton directed his own movie about Ed Wood and Burton went with a wrestling legend bearing similar features to portray Tor. Which wrestler got the role? George Steele
83%
The Marine is a franchise of WWE's film production arm, WWE Studios, having produced six movies from 2006 to 2018. The starring role always goes to a WWE superstar, but which of these wrestlers DID NOT receive a starring role? Jack Swagger
83%
In which of these 80's action movies did Jesse Ventura receive a role? Predator
83%
With his in-ring career largely (though not entirely) over in the early 2000's, what occupation did Tito Santana branch into until retiring in 2023? School teacher
83%
Which of these pro wrestlers played regular season games in the NFL prior to becoming a pro wrestler? Bill Goldberg
67%
Hunting and fishing are popular pastimes for people of all walks of life and wrestlers are no different. During one a hunting trip, what WWE hall of fame inductee saved the life of Baseball hall of fame's Wade Boggs when the latter tripped over a barbwire fence and deeply lacerated his leg, needing to be carried by his wrestler friend to medical aid? Curt Hennig
67%
What sport was Brian Pillman playing professionally in Canada that led to a career ending injury and the suggestion, upon healing, that he should seek the Hart family and a new career in pro wrestling? Football
67%
Which of these former Tough Enough winners was also a contest on season 37 of CBS' long-running reality game show Survivor? John Hennigan
67%
Outside of wrestling, Chris Jericho's biggest endeavor has been music via his heavy metal band Fozzy. What was the first single released from their second album, Happenstance? To Kill a Stranger
67%
Prior to following his father and two elder brothers into pro wrestling, Kerry Von Erich qualified to attend the 1980 Olympics in Track & Field in Moscow, but was prevented due to the U.S. boycott of the U.S.S.R. What event did he specialize in within Track & Field? Discus throw
50%
Since Mick Foley's Have a Nice Day hit shelves, many wrestlers have followed suit and published their own stories of life in the ring. Which of these wrestling autobiographies was released first? To Be the Man - Ric Flair
50%
Tyler Mane, a former pro wrestler who retired in the mid-90s, has since gone on to a notable film career. He was cast in the 2004 historical epic Troy, about the ancient war taking place at the aforementioned city. Which character did he play? Ajax
33%
Which of these wrestlers, prior to their wrestling career, not only managed to compete on the athletic competition show American Gladiators, but managed to win their way into the finals of a Grand Champion tournament? Rico Constantino
33%
No matching quizzes found
Score Distribution
Percent of People with Each Score
Percentile by Number Answered
Your Score History
You have not taken this quiz since the last reset